Statistiken für Länderflaggen mit den meisten Gelbtönen

Klicken Sie hier um das Quiz zu spielen!

Allgemein

  • Dieses Quiz wurde 46 mal gespielt
  • Das Durchschnittsergebnis liegt bei 7 aus 8

Antwortstatistiken

Antwort% Korrekt
Spanien
100%
Ukraine
100%
Vatikan
98%
Kolumbien
95%
Ecuador
88%
Bhutan
83%
Brunei
78%
St. Vincent und die Grenadinen
55%

Verteilung der Resultate

Perzentil nach korrekt beantworteten Fragen

Anzahl Personen mit jedem Resultat

Ihre Resultats-Entwicklung

Sie haben dieses Quiz noch nicht gespielt